=LDR 00000nam 2200000 4500 =001 INLIS000000000042048 =005 20130612151539 =008 ***********************************ind** =035 ##$$a0010-061300000042048 =041 ##$$a ind =082 ##$$a 510 =090 ##$$a 510, Sri k =100 ##$$a Sri Lestari =245 ##$$a Kumpulan rumus matematika Smp, Sri lestari =260 ##$$a 2003 $b Jakarta =300 ##$$a Xi,132 hlm., 20 cm =650 ##$$a MATEMATIKA SMP =850 ##$$a NBPNMAT =990 ##$$a 90956/BPAP-NTB/2014 =990 ##$$a 21400613/BPAP-NTB/20142014